000
00381nam a2200169Ia 4500
008
220531s9999 xx 000 0 und d
041
_a
eng
082
_b
DRA
100
_a
Drabble, M.
_9
37998
245
_a
Milestone
260
_b
pengain
_c
1995
300
_a
172
542
_d
28-11-1997
650
_a
English
_9
37999
906
_d
1997-1998
_f
5594
999
_c
23053
_d
23053